Top XIs: AC Milan (1961-2024) - Statistics

General Stats
  • This quiz has been taken 3,038 times
  • The average score is 216 of 500
Answer Stats
Hint Position Answer % Correct
1977/1978 DF Cesare Maldini
95%
1986/1987 DF Paolo Maldini
95%
1987/1988 DF Paolo Maldini
95%
1988/1989 DF Paolo Maldini
95%
1989/1990 DF Paolo Maldini
95%
1990/1991 DF Paolo Maldini
95%
1991/1992 DF Paolo Maldini
95%
1992/1993 DF Paolo Maldini
95%
1993/1994 DF Paolo Maldini
95%
1994/1995 DF Paolo Maldini
95%
1995/1996 DF Paolo Maldini
95%
1996/1997 DF Paolo Maldini
95%
1997/1998 DF Paolo Maldini
95%
1998/1999 DF Paolo Maldini
95%
1999/2000 DF Paolo Maldini
95%
2000/2001 DF Paolo Maldini
95%
2002/2003 DF Paolo Maldini
95%
2003/2004 DF Paolo Maldini
95%
2004/2005 DF Paolo Maldini
95%
2008/2009 DF Paolo Maldini
95%
2010/2011 ST Zlatan Ibrahimović
87%
2011/2012 ST Zlatan Ibrahimović
87%
2003/2004 MF Kaká
84%
2004/2005 MF Kaká
84%
2005/2006 MF Kaká
84%
2006/2007 MF Kaká
84%
2007/2008 MF Kaká
84%
2008/2009 MF Kaká
84%
2013/2014 MF Kaká
84%
2002/2003 DF Alessandro Nesta
82%
2003/2004 DF Alessandro Nesta
82%
2004/2005 DF Alessandro Nesta
82%
2005/2006 DF Alessandro Nesta
82%
2007/2008 DF Alessandro Nesta
82%
2009/2010 DF Alessandro Nesta
82%
2010/2011 DF Alessandro Nesta
82%
2002/2003 MF Andrea Pirlo
82%
2003/2004 MF Andrea Pirlo
82%
2004/2005 MF Andrea Pirlo
82%
2005/2006 MF Andrea Pirlo
82%
2006/2007 MF Andrea Pirlo
82%
2007/2008 MF Andrea Pirlo
82%
2008/2009 MF Andrea Pirlo
82%
2009/2010 MF Andrea Pirlo
82%
2020/2021 ST Rafael Leão
82%
2020/21 EL ST Rafael Leão
82%
2021/2022 ST Rafael Leão
82%
2022/2023 ST Rafael Leão
82%
2022/23 UCL ST Rafael Leão
82%
1999/2000 ST Andriy Shevchenko
78%
2000/2001 ST Andriy Shevchenko
78%
2001/2002 ST Andriy Shevchenko
78%
2003/2004 ST Andriy Shevchenko
78%
2004/2005 ST Andriy Shevchenko
78%
2005/2006 ST Andriy Shevchenko
78%
2000/2001 MF Gennaro Gattuso
78%
2001/2002 MF Gennaro Gattuso
78%
2002/2003 MF Gennaro Gattuso
78%
2003/2004 MF Gennaro Gattuso
78%
2004/2005 MF Gennaro Gattuso
78%
2005/2006 MF Gennaro Gattuso
78%
2006/2007 MF Gennaro Gattuso
78%
2007/2008 MF Gennaro Gattuso
78%
2010/2011 MF Gennaro Gattuso
78%
2021/2022 ST Olivier Giroud
78%
2022/2023 ST Olivier Giroud
78%
2022/23 UCL ST Olivier Giroud
78%
2001/2002 ST Filippo Inzaghi
76%
2002/2003 ST Filippo Inzaghi
76%
1988/1989 ST Marco van Basten
76%
1989/1990 ST Marco van Basten
76%
1990/1991 ST Marco van Basten
76%
1991/1992 ST Marco van Basten
76%
1992/1993 ST Marco van Basten
76%
2002/2003 MF Clarence Seedorf
75%
2003/2004 MF Clarence Seedorf
75%
2004/2005 MF Clarence Seedorf
75%
2005/2006 MF Clarence Seedorf
75%
2006/2007 MF Clarence Seedorf
75%
2007/2008 MF Clarence Seedorf
75%
2008/2009 MF Clarence Seedorf
75%
2009/2010 MF Clarence Seedorf
75%
2010/2011 MF Clarence Seedorf
75%
1983/1984 DF Franco Baresi
75%
1984/1985 DF Franco Baresi
75%
1985/1986 DF Franco Baresi
75%
1986/1987 DF Franco Baresi
75%
1987/1988 DF Franco Baresi
75%
1988/1989 DF Franco Baresi
75%
1989/1990 DF Franco Baresi
75%
1990/1991 DF Franco Baresi
75%
1991/1992 DF Franco Baresi
75%
1992/1993 DF Franco Baresi
75%
1993/1994 DF Franco Baresi
75%
1994/1995 DF Franco Baresi
75%
1995/1996 DF Franco Baresi
75%
1987/1988 MF Ruud Gullit
73%
1988/1989 ST Ruud Gullit
73%
1990/1991 ST Ruud Gullit
73%
1991/1992 MF Ruud Gullit
73%
2019/2020 DF Theo Hernández
73%
2020/2021 DF Theo Hernández
73%
2020/21 EL DF Theo Hernández
73%
2021/2022 DF Theo Hernández
73%
2022/2023 DF Theo Hernández
73%
2022/23 UCL DF Theo Hernández
73%
2008/2009 MF Ronaldinho
72%
2009/2010 MF Ronaldinho
72%
2003/2004 DF Cafu
68%
2004/2005 DF Cafu
68%
2006/2007 DF Cafu
68%
2021/2022 DF Fikayo Tomori
67%
2022/2023 DF Fikayo Tomori
67%
2022/23 UCL DF Fikayo Tomori
67%
1988/1989 MF Frank Rijkaard
64%
1989/1990 MF Frank Rijkaard
64%
1990/1991 MF Frank Rijkaard
64%
1991/1992 MF Frank Rijkaard
64%
1992/1993 MF Frank Rijkaard
64%
2021/2022 MF Sandro Tonali
62%
2022/2023 MF Sandro Tonali
62%
2022/23 UCL MF Sandro Tonali
62%
2017/2018 DF Davide Calabria
60%
2017/18 EL DF Davide Calabria
60%
2018/2019 DF Davide Calabria
60%
2018/19 EL DF Davide Calabria
60%
2020/2021 DF Davide Calabria
60%
2021/2022 DF Davide Calabria
60%
2022/2023 DF Davide Calabria
60%
1988/1989 DF Sandro Costacurta
59%
1989/1990 DF Sandro Costacurta
59%
1990/1991 DF Sandro Costacurta
59%
1991/1992 DF Sandro Costacurta
59%
1992/1993 DF Sandro Costacurta
59%
1993/1994 DF Sandro Costacurta
59%
1994/1995 DF Sandro Costacurta
59%
1995/1996 DF Sandro Costacurta
59%
1996/1997 DF Sandro Costacurta
59%
1997/1998 DF Sandro Costacurta
59%
1998/1999 DF Sandro Costacurta
59%
1999/2000 DF Sandro Costacurta
59%
2008/2009 ST Alexandre Pato
57%
2009/2010 ST Alexandre Pato
57%
2017/2018 MF Franck Kessié
56%
2017/18 EL MF Franck Kessié
56%
2018/2019 MF Franck Kessié
56%
2018/19 EL MF Franck Kessié
56%
2019/2020 MF Franck Kessié
56%
2020/2021 MF Franck Kessié
56%
2020/21 EL MF Franck Kessié
56%
2021/2022 MF Franck Kessié
56%
2010/2011 ST Robinho
56%
2011/2012 ST Robinho
56%
2004/2005 ST Hernán Crespo
55%
2019/2020 MF Ismaël Bennacer
54%
2020/2021 MF Ismaël Bennacer
54%
2022/2023 MF Ismaël Bennacer
54%
2022/23 UCL MF Ismaël Bennacer
54%
1998/1999 MF Massimo Ambrosini
54%
1999/2000 MF Massimo Ambrosini
54%
2007/2008 MF Massimo Ambrosini
54%
2009/2010 MF Massimo Ambrosini
54%
2004/2005 DF Jaap Stam
53%
2005/2006 DF Jaap Stam
53%
2021/2022 MF Brahim Díaz
52%
2022/2023 MF Brahim Díaz
52%
2009/2010 DF Ignazio Abate
52%
2010/2011 DF Ignazio Abate
52%
2011/2012 DF Ignazio Abate
52%
2012/2013 DF Ignazio Abate
52%
2013/2014 DF Ignazio Abate
52%
2014/2015 DF Ignazio Abate
52%
2015/2016 DF Ignazio Abate
52%
2016/2017 DF Ignazio Abate
52%
2013/2014 ST Mario Balotelli
52%
2021/2022 DF Pierre Kalulu
52%
2022/2023 DF Pierre Kalulu
52%
2022/23 UCL DF Pierre Kalulu
52%
1987/1988 MF Carlo Ancelotti
51%
1988/1989 MF Carlo Ancelotti
51%
1989/1990 MF Carlo Ancelotti
51%
1990/1991 MF Carlo Ancelotti
51%
2017/2018 DF Leonardo Bonucci
51%
2017/18 EL DF Leonardo Bonucci
51%
2015/2016 DF Alessio Romagnoli
50%
2016/2017 DF Alessio Romagnoli
50%
2017/2018 DF Alessio Romagnoli
50%
2018/2019 DF Alessio Romagnoli
50%
2018/19 EL DF Alessio Romagnoli
50%
2019/2020 DF Alessio Romagnoli
50%
2020/2021 DF Alessio Romagnoli
50%
2020/21 EL DF Alessio Romagnoli
50%
2020/2021 DF Simon Kjær
50%
2020/21 EL DF Simon Kjær
50%
1995/1996 ST George Weah
49%
1996/1997 ST George Weah
49%
1997/1998 ST George Weah
49%
1998/1999 ST George Weah
49%
1995/1996 ST Roberto Baggio
49%
1996/1997 ST Roberto Baggio
49%
2017/18 EL MF Hakan Çalhanoğlu
48%
2018/2019 MF Hakan Çalhanoğlu
48%
2018/19 EL MF Hakan Çalhanoğlu
48%
2019/2020 MF Hakan Çalhanoğlu
48%
2020/2021 MF Hakan Çalhanoğlu
48%
1985/1986 ST Paolo Rossi
47%
2008/2009 DF Gianluca Zambrotta
46%
2009/2010 DF Gianluca Zambrotta
46%
2001/2002 DF Kakha Kaladze
46%
2002/2003 DF Kakha Kaladze
46%
2005/2006 DF Kakha Kaladze
46%
2006/2007 DF Kakha Kaladze
46%
2007/2008 DF Kakha Kaladze
46%
1978/1979 DF Massimo Silva
46%
2011/2012 DF Philippe Mexès
44%
2012/2013 DF Philippe Mexès
44%
2013/2014 DF Philippe Mexès
44%
2005/2006 ST Alberto Gilardino
42%
2006/2007 ST Alberto Gilardino
42%
2007/2008 ST Alberto Gilardino
42%
2020/2021 MF Alexis Saelemaekers
42%
2020/21 EL MF Alexis Saelemaekers
42%
2021/2022 MF Alexis Saelemaekers
42%
2019/2020 ST Ante Rebić
42%
2020/2021 ST Ante Rebić
42%
2012/2013 MF Riccardo Montolivo
42%
2013/2014 MF Riccardo Montolivo
42%
2015/2016 MF Riccardo Montolivo
42%
2001/2002 MF Rui Costa
42%
2002/2003 MF Rui Costa
42%
2015/2016 ST Carlos Bacca
41%
2016/2017 ST Carlos Bacca
41%
1977/1978 MF Gianni Rivera
41%
2010/2011 MF Kevin-Pr. Boateng
41%
2011/2012 MF Kevin-Pr. Boateng
41%
2012/2013 MF Kevin-Pr. Boateng
41%
2012/2013 ST Steph. El Shaarawy
41%
2014/2015 ST Steph. El Shaarawy
41%
2016/2017 MF Suso
41%
2017/2018 MF Suso
41%
2017/18 EL MF Suso
41%
2018/2019 MF Suso
41%
1986/1987 MF Roberto Donadoni
40%
1987/1988 MF Roberto Donadoni
40%
1989/1990 MF Roberto Donadoni
40%
1990/1991 MF Roberto Donadoni
40%
1991/1992 MF Roberto Donadoni
40%
1992/1993 MF Roberto Donadoni
40%
1993/1994 MF Roberto Donadoni
40%
1994/1995 MF Roberto Donadoni
40%
1994/1995 MF Marcel Desailly
39%
1995/1996 MF Marcel Desailly
39%
1996/1997 DF Marcel Desailly
39%
1997/1998 DF Marcel Desailly
39%
1991/1992 MF Demetrio Albertini
38%
1992/1993 MF Demetrio Albertini
38%
1993/1994 MF Demetrio Albertini
38%
1994/1995 MF Demetrio Albertini
38%
1995/1996 MF Demetrio Albertini
38%
1996/1997 MF Demetrio Albertini
38%
1997/1998 MF Demetrio Albertini
38%
1998/1999 MF Demetrio Albertini
38%
1999/2000 MF Demetrio Albertini
38%
2001/2002 MF Demetrio Albertini
38%
2022/23 UCL MF Rade Krunić
38%
1983/1984 DF Mauro Tassotti
38%
1984/1985 DF Mauro Tassotti
38%
1985/1986 DF Mauro Tassotti
38%
1986/1987 DF Mauro Tassotti
38%
1987/1988 DF Mauro Tassotti
38%
1988/1989 DF Mauro Tassotti
38%
1989/1990 DF Mauro Tassotti
38%
1990/1991 DF Mauro Tassotti
38%
1991/1992 DF Mauro Tassotti
38%
1992/1993 DF Mauro Tassotti
38%
2020/21 EL MF Rade Krunić
38%
2006/2007 DF Marek Jankulovski
37%
2008/2009 DF Marek Jankulovski
37%
1993/1994 MF Zvonimir Boban
37%
1994/1995 MF Zvonimir Boban
37%
1996/1997 MF Zvonimir Boban
37%
1997/1998 MF Zvonimir Boban
37%
1998/1999 MF Zvonimir Boban
37%
2014/2015 MF Giac. Bonaventura
36%
2015/2016 MF Giac. Bonaventura
36%
2017/2018 MF Giac. Bonaventura
36%
2002/2003 ST Rivaldo
36%
1999/2000 MF Serginho
36%
2000/2001 MF Serginho
36%
2001/2002 MF Serginho
36%
2005/2006 DF Serginho
36%
2009/2010 DF Thiago Silva
36%
2010/2011 DF Thiago Silva
36%
2011/2012 DF Thiago Silva
36%
2012/2013 DF Cristián Zapata
35%
2013/2014 DF Cristián Zapata
35%
2017/18 EL DF Cristián Zapata
35%
1987/1988 ST Daniele Massaro
35%
1989/1990 ST Daniele Massaro
35%
1991/1992 ST Daniele Massaro
35%
1993/1994 ST Daniele Massaro
35%
2018/19 EL DF Cristián Zapata
35%
2018/2019 ST Krzysztof Piątek
35%
2019/2020 ST Krzysztof Piątek
35%
2010/2011 MF Mark van Bommel
35%
2011/2012 MF Mark van Bommel
35%
2007/2008 DF Massimo Oddo
35%
1993/1994 MF Dejan Savićević
34%
1994/1995 MF Dejan Savićević
34%
1995/1996 MF Dejan Savićević
34%
2018/2019 ST Gonzalo Higuaín
34%
2018/19 EL ST Gonzalo Higuaín
34%
1998/1999 ST Oliver Bierhoff
34%
1999/2000 ST Oliver Bierhoff
34%
2000/2001 ST Oliver Bierhoff
34%
1992/1993 ST Jean-Pierre Papin
33%
1993/1994 ST Jean-Pierre Papin
33%
2014/2015 ST Jérémy Ménez
33%
2013/2014 MF Nigel de Jong
33%
2014/2015 MF Nigel de Jong
33%
2022/2023 MF Júnior Messias
32%
2012/2013 DF Mattia De Sciglio
32%
2014/2015 DF Mattia De Sciglio
32%
2015/2016 DF Mattia De Sciglio
32%
2016/2017 DF Mattia De Sciglio
32%
2014/2015 MF Keisuke Honda
31%
2015/2016 MF Keisuke Honda
31%
1977/1978 DF Mario David
31%
2017/2018 DF Ricardo Rodríguez
31%
2017/18 EL DF Ricardo Rodríguez
31%
2018/2019 DF Ricardo Rodríguez
31%
2019/2020 DF Andrea Conti
30%
2022/23 UCL DF Sergiño Dest
30%
2010/2011 DF Luca Antonini
30%
2011/2012 DF Luca Antonini
30%
2018/19 EL MF Samu Castillejo
30%
2020/21 EL ST Samu Castillejo
30%
2009/2010 ST Marco Borriello
29%
2013/2014 MF Sulley Muntari
29%
1993/1994 DF Christian Panucci
28%
1994/1995 DF Christian Panucci
28%
1995/1996 DF Christian Panucci
28%
1996/1997 DF Christian Panucci
28%
2006/2007 DF Daniele Bonera
28%
2017/18 EL ST Patrick Cutrone
28%
2012/2013 ST Giampaolo Pazzini
28%
2017/2018 MF Lucas Biglia
28%
2015/2016 ST Luiz Adriano
28%
2018/19 EL ST Patrick Cutrone
28%
2011/2012 MF Antonio Nocerino
27%
2012/2013 MF Antonio Nocerino
27%
1994/1995 ST Marco Simone
27%
2018/2019 DF Mateo Musacchio
27%
2019/2020 DF Mateo Musacchio
27%
2014/2015 DF Alex
26%
2015/2016 DF Alex
26%
2003/2004 ST Jon Dahl Tomasson
26%
2008/2009 MF Mathieu Flamini
26%
2012/2013 MF Mathieu Flamini
26%
2011/2012 MF Urby Emanuelson
26%
2013/2014 DF Urby Emanuelson
26%
2013/2014 MF Andrea Poli
25%
2014/2015 MF Andrea Poli
25%
2022/23 UCL MF Charles De Ketelaere
25%
1984/1985 DF Filippo Galli
25%
1985/1986 DF Filippo Galli
25%
1987/1988 DF Filippo Galli
25%
1997/1998 ST Patrick Kluivert
25%
2018/2019 MF Tiemoué Bakayoko
25%
2018/19 EL MF Tiemoué Bakayoko
25%
2014/2015 DF Adil Rami
24%
2002/2003 DF Dario Šimić
24%
1996/1997 MF Edgar Davids
24%
1977/1978 ST José Altafini
24%
2016/2017 MF Manuel Locatelli
24%
2017/18 EL MF Manuel Locatelli
24%
1978/1979 MF Roberto Antonelli
24%
1979/1980 ST Roberto Antonelli
24%
1981/1982 ST Roberto Antonelli
24%
1983/1984 MF Alberigo Evani
23%
1984/1985 MF Alberigo Evani
23%
1985/1986 MF Alberigo Evani
23%
1988/1989 MF Alberigo Evani
23%
1989/1990 MF Alberigo Evani
23%
1990/1991 MF Alberigo Evani
23%
2017/2018 ST Nikola Kalinić
23%
2017/2018 ST Fabio Borini
22%
1983/1984 DF Fabio Capello
22%
1977/1978 MF Giovanni Trapattoni
21%
1997/1998 MF Leonardo
21%
2000/2001 MF Leonardo
21%
1985/1986 ST Pietro Paolo Virdis
21%
1986/1987 ST Pietro Paolo Virdis
21%
1987/1988 ST Pietro Paolo Virdis
21%
1998/1999 DF Thomas Helveg
21%
1999/2000 DF Thomas Helveg
21%
2000/2001 DF Thomas Helveg
21%
2000/2001 DF Francesco Coco
20%
2016/2017 DF Gabriel Paletta
20%
1992/1993 MF Gianluigi Lentini
20%
2007/2008 DF Giuseppe Favalli
20%
2008/2009 DF Giuseppe Favalli
20%
2003/2004 DF Giuseppe Pancaro
20%
2006/2007 MF Cristian Brocchi
19%
2015/2016 MF Juraj Kucka
19%
2016/2017 MF Juraj Kucka
19%
2019/2020 MF Lucas Paquetá
19%
2017/18 EL ST André Silva
18%
1987/1988 MF Angelo Colombo
18%
1988/1989 MF Angelo Colombo
18%
1980/1981 DF Pierino Prati
18%
1995/1996 MF Stefano Eranio
18%
1996/1997 MF Stefano Eranio
18%
1977/1978 MF Bruno Mora
17%
2020/21 EL DF Diogo Dalot
17%
1998/1999 DF Luigi Sala
17%
1999/2000 DF Luigi Sala
17%
2000/2001 DF Roque Júnior
17%
2001/2002 DF Roque Júnior
17%
2016/2017 ST Gerard Deulofeu
16%
1981/1982 DF Fulvio Collovati
15%
1998/1999 MF Guly
15%
1999/2000 MF Guly
15%
2016/2017 MF Mario Pašalić
15%
1985/1986 ST Mark Hateley
15%
1986/1987 ST Mark Hateley
15%
1979/1980 MF Karl-H. Schnellinger
14%
1981/1982 DF Aldo Maldera
13%
2001/2002 DF Cosmin Contra
13%
2018/19 EL DF Diego Laxalt
13%
2000/2001 MF Federico Giunti
13%
1980/1981 MF Luigi Maldera
13%
1985/1986 MF Ray Wilkins
12%
1986/1987 MF Ray Wilkins
12%
2020/21 EL MF Soualiho Meïté
12%
1982/1983 MF Aldo Bet
11%
1982/1983 ST Aldo Serena
11%
1997/1998 DF Christian Ziege
11%
1979/1980 DF Giovanni Lodetti
11%
1982/1983 ST Joe Jordan
11%
2001/2002 DF José A. Chamot
11%
1980/1981 MF Ottavio Bianchi
11%
1980/1981 DF Angelo Anquilletti
10%
1979/1980 DF Angelo Sormani
10%
1981/1982 DF Roberto Rosato
10%
1978/1979 MF Romeo Benetti
10%
1984/1985 MF Agost. Di Bartolomei
9%
1985/1986 MF Agost. Di Bartolomei
9%
1986/1987 MF Agost. Di Bartolomei
9%
1978/1979 MF Kurt Hamrin
9%
1979/1980 MF Alberto Bigon
8%
1983/1984 MF Andrea Icardi
8%
1983/1984 ST Luther Blissett
8%
1979/1980 DF Amarildo
7%
1977/1978 MF Dino Sani
7%
1986/1987 ST Giuseppe Galderisi
7%
1982/1983 DF Luciano Chiarugi
7%
1980/1981 DF Walter De Vecchi
7%
1981/1982 MF Walter Novellino
7%
1981/1982 ST Egidio Calloni
6%
1983/1984 MF Eric Gerets
6%
1978/1979 ST Francesco Romano
6%
1979/1980 MF Francesco Romano
6%
1981/1982 MF Francesco Romano
6%
1983/1984 DF Giorgio Morini
6%
1977/1978 DF Mario Trebbi
6%
1982/1983 MF Maurizio Turone
6%
1983/1984 ST Oscar Damiani
6%
1979/1980 MF Ruben Buriani
6%
1981/1982 MF Ruben Buriani
6%
1984/1985 DF Sergio Battistini
6%
1986/1987 DF Dario Bonetti
5%
1984/1985 MF Jimmy Greaves
5%
1977/1978 DF Luigi Radice
5%
1980/1981 DF Nestor Combin
5%
1978/1979 DF Nevio Scala
5%
1980/1981 ST Saul Malatrasi
5%
1984/1985 ST Silvano Villa
5%
1979/1980 ST Stefano Chiodi
5%
1980/1981 MF Víctor Benítez
5%
1983/1984 MF Vinicio Verza
5%
1984/1985 MF Vinicio Verza
5%
1978/1979 ST Gino Pivatelli
4%
1982/1983 MF Giancarlo Pasinato
4%
1977/1978 ST Gino Pivatelli
4%
1978/1979 MF Giorgio Biasiolo
4%
1981/1982 DF Giuliano Fortunato
4%
1981/1982 DF Giuseppe Sabadini
4%
1997/1998 MF Ibrahim Ba
4%
1982/1983 DF Nazzareno Canuti
4%
1980/1981 DF Nello Santin
4%
1979/1980 DF Ambrogio Pelagalli
3%
1978/1979 DF Duino Gorin
3%
1982/1983 DF Duino Gorin
3%
1985/1986 DF Francesco Vincenzi
3%
1978/1979 DF Luciano Zecchini
3%
1982/1983 MF Luciano Zecchini
3%
1982/1983 DF Riccardo Sogliano
3%
1984/1985 ST Romano Fogli
3%
1980/1981 MF Stefano Cuoghi
3%
No matching quizzes found
Score Distribution
Percent of People with Each Score
Percentile by Number Answered
Your Score History
You have not taken this quiz